Spanisch die Tage und Monate lernen - Statistiken

Allgemein
  • Dieses Quiz wurde 27 mal gespielt
  • Das Durchschnittsergebnis liegt bei 15 aus 19
Antwortstatistiken
Deutsch Spanisch % Korrekt
Montag Lunes
95%
April Abril
85%
Sonntag Domingo
85%
Juli Julio
85%
Dienstag Martes
85%
Mai Mayo
85%
Samstag Sábado
85%
Februar Febrero
80%
Juni Junio
80%
März Marzo
80%
Mittwoch Miércoles
80%
Freitag Viernes
80%
Januar Enero
75%
November Noviembre
75%
Oktober Octubre
75%
September Septiembre
75%
August Agosto
70%
Donnerstag Jueves
65%
Dezember Diciembre
60%
Keine übereinstimmenden Quizze gefunden
Verteilung der Resultate
Anzahl Personen mit jedem Resultat
Perzentil nach korrekt beantworteten Fragen
Ihre Resultats-Entwicklung
Sie haben dieses Quiz noch nicht gespielt